| 000 | 00000nam 2200000za 4500 |
| 001 | 9.695886 |
| 003 | CaOODSP |
| 005 | 20210624234801 |
| 007 | cr ||||||||||| |
| 008 | 150407s1997 onc|||||o f|0| 0 eng d |
| 040 | |aCaOODSP|beng |
| 043 | |an-cn--- |
| 086 | 1 |aNH15-180/1997E-PDF |
| 110 | 2 |aCanada Mortgage and Housing Corporation. |
| 245 | 10|aRadon |h[electronic resource] : |ba guide for Canadian homeowners. |
| 260 | |aOttawa : |bCanada Mortgage and Housing Corporation, |cc1997. |
| 300 | |a25 p. : |bfigs. |
| 500 | |aThe catalogue number (NH15-180/1997E) and ISBN (0-662-25909-2) for the print edition have been incorrectly copied in this electronic publication. |
| 590 | |a12-29-Supp|b2012-06-25 |
| 775 | 08|tLe radon |w(CaOODSP)9.640006 |
| 776 | 0#|tRadon: a guide for Canadian homeowners |w(CaOODSP)9.646646 |
| 794 | |tRadon - a guide for Canadian homeowners |w(CaOODSP)9.690846 |
| 856 | 40|ahttp://publications.gc.ca|qPDF|s708 KB|uhttps://publications.gc.ca/collections/Collection/NH15-180-1997E.pdf |